[Event "Dundee & Angus Challengers"]
[Site "?"]
[Date "2013.10.13"]
[Round "4"]
[White "Irving, Neil"]
[Black "Milton, Anna"]
[Result "1/2-1/2"]
[WhiteElo "1657"]
[BlackElo "1460"]
[PlyCount "48"]
[EventDate "2013.??.??"]

1. Nf3 d5 2. c4 c6 3. g3 Nf6 4. Bg2 e6 5. d4 Be7 6. O-O O-O 7. Qc2 Nbd7 8. Bf4
dxc4 9. Qxc4 Nb6 10. Qb3 Nbd5 11. Bd2 Ne4 12. Nc3 Nxd2 13. Nxd2 Bf6 14. e3 Re8
15. Nde4 Nxc3 16. Nxf6+ Qxf6 17. Qxc3 e5 18. dxe5 Qxe5 19. Qxe5 Rxe5 20. Rfd1
Bf5 21. Rac1 Ree8 22. Rd4 Rad8 23. Rcd1 Rxd4 24. Rxd4 Kf8 1/2-1/2

[Event "Dundee & Angus Challengers"]
[Site "?"]
[Date "2013.10.13"]
[Round "5"]
[White "Mitchell, Jeremy"]
[Black "Thomas, Phil"]
[Result "1/2-1/2"]
[WhiteElo "1717"]
[BlackElo "1822"]
[PlyCount "66"]
[EventDate "2013.??.??"]

1. e4 c5 2. c3 d5 3. exd5 Qxd5 4. d4 e6 5. Nf3 cxd4 6. cxd4 Nf6 7. Nc3 Bb4 8.
Bd2 Bxc3 9. bxc3 O-O 10. Bd3 Bd7 11. O-O Bc6 12. c4 Qh5 13. Ne5 Qxd1 14. Rfxd1
Be4 15. Bb4 Re8 16. Bf1 Nc6 17. Ba3 Rad8 18. f3 Bc2 19. Nxc6 bxc6 20. Rd2 Ba4
21. Bc5 Nd7 22. Bxa7 Ra8 23. Bc5 Nxc5 24. dxc5 Ra5 25. a3 h5 26. Rd6 Rc8 27.
Kf2 Kf8 28. Rd7 Re8 29. Rb7 Rea8 30. Rb4 Ke7 31. Ke3 Rxc5 32. Kd4 Rca5 33. Kc3
Kd6 1/2-1/2

[Event "Dundee & Angus Challengers"]
[Site "?"]
[Date "2013.10.13"]
[Round "5"]
[White "McGovern, Pat"]
[Black "Giulian, Rosie"]
[Result "1/2-1/2"]
[WhiteElo "1698"]
[BlackElo "1694"]
[PlyCount "63"]
[EventDate "2013.??.??"]

1. e4 e6 2. d4 d5 3. Nc3 dxe4 4. Nxe4 Bd7 5. Bd3 Nf6 6. Bg5 Be7 7. Ne2 Nxe4 8.
Bxe7 Qxe7 9. Bxe4 O-O 10. O-O Bc6 11. Ng3 Bxe4 12. Nxe4 Rd8 13. c3 Nd7 14. Qe2
Nf6 15. Rfe1 Nxe4 16. Qxe4 c6 17. Re3 Rd5 18. Rae1 Qf6 19. Rf3 Qg6 20. Rfe3
Qxe4 21. Rxe4 Rad8 22. f4 g6 23. Kf2 c5 24. dxc5 Rxc5 25. Rd4 Rxd4 26. cxd4
Rc2+ 27. Re2 Rxe2+ 28. Kxe2 Kf8 29. Kd3 Ke7 30. Kc4 Kd6 31. a4 f6 32. g3
1/2-1/2

[Event "Dundee & Angus Challengers"]
[Site "?"]
[Date "2013.10.13"]
[Round "5"]
[White "Smith, Stephen H"]
[Black "Jennings, Richard"]
[Result "1-0"]
[WhiteElo "1750"]
[BlackElo "1781"]
[PlyCount "77"]
[EventDate "2013.??.??"]

1. e4 Nf6 2. e5 Nd5 3. d4 d6 4. c4 Nb6 5. exd6 exd6 6. Bd3 Nc6 7. Nf3 Bg4 8.
Be3 Be7 9. h3 Bh5 10. Nbd2 Bf6 11. g4 Bg6 12. Bxg6 hxg6 13. Qe2 Nb4 14. Nb3 a5
15. d5 Kd7 16. Kf1 a4 17. Nbd4 Na6 18. g5 Be7 19. Nd2 Kc8 20. a3 Nd7 21. Qg4
Nac5 22. b4 axb3 23. N2xb3 Nxb3 24. Nxb3 Kb8 25. f4 Ra4 26. Qe2 f6 27. Qc2 fxg5
28. Nd4 Nc5 29. Nc6+ bxc6 30. Bxc5 Ra6 31. Qb3+ Ka8 32. Rb1 Qc8 33. Bd4 gxf4
34. dxc6 Rxc6 35. Qd3 Bf6 36. Bxf6 gxf6 37. Qd5 Qa6 38. Rb5 Rh5 39. Qg8+ 1-0

[Event "Dundee & Angus Challengers"]
[Site "?"]
[Date "2013.10.13"]
[Round "5"]
[White "Hahn, Lilli"]
[Black "Babin, Andre"]
[Result "1-0"]
[WhiteElo "1773"]
[BlackElo "1720"]
[PlyCount "83"]
[EventDate "2013.??.??"]

1. d4 e6 2. c4 Bb4+ 3. Nc3 c5 4. d5 e5 5. e4 Nf6 6. Bd3 O-O 7. Bg5 Bxc3+ 8.
bxc3 Qa5 9. Ne2 Ne8 10. Be7 b6 11. O-O d6 12. Qb3 Ba6 13. Ng3 g6 14. f4 exf4
15. Rxf4 Nd7 16. Bxf8 Kxf8 17. Raf1 Ne5 18. Be2 Rc8 19. h4 Rc7 20. Nh1 Re7 21.
g4 Kg8 22. Ng3 Bc8 23. g5 b5 24. cxb5 c4 25. Qc2 Qxb5 26. h5 Ba6 27. hxg6 fxg6
28. Bg4 Nc7 29. Qf2 Qb6 30. Qxb6 axb6 31. Be2 Nb5 32. Rc1 Nc7 33. Rb1 b5 34.
Rbf1 Nf7 35. Rf6 Nxg5 36. Rxd6 Nxe4 37. Nxe4 Rxe4 38. Rd8+ Re8 39. Rxe8+ Nxe8
40. Kf2 Kf7 41. Ke3+ Ke7 42. Ke4 1-0

[Event "Dundee & Angus Major"]
[Site "?"]
[Date "2013.10.11"]
[Round "1"]
[White "Andrews, Norman"]
[Black "Congalton, David"]
[Result "1-0"]
[WhiteElo "1560"]
[BlackElo "1400"]
[PlyCount "86"]
[EventDate "2013.??.??"]

1. e4 d6 2. d4 g6 3. Nc3 Bg7 4. Nf3 Nf6 5. Be2 O-O 6. O-O Nbd7 7. Re1 c5 8. d5
a6 9. a4 b6 10. Bc4 Ng4 11. h3 Nge5 12. Nxe5 Nxe5 13. Bf1 f5 14. f4 Nf7 15.
exf5 Bxf5 16. g4 Bd7 17. Kh2 Nh6 18. Bd3 Kh8 19. Qe2 Re8 20. Ne4 Nf7 21. c3 e6
22. dxe6 Bxe6 23. Qf2 d5 24. Ng3 c4 25. Bc2 Qc7 26. Be3 b5 27. axb5 axb5 28.
Rxa8 Rxa8 29. Bb6 Qd6 30. Bc5 Qc6 31. Bd4 Bd7 32. f5 gxf5 33. Nh5 Qd6+ 34. Kh1
Be5 35. Bxf5 Bc6 36. Bxh7 Rf8 37. Bf5 Bb7 38. Bxe5+ Nxe5 39. Qd4 Re8 40. Nf4
Kg8 41. Ng6 Nf3 42. Qh8+ Kf7 43. Qxe8+ Kg7 1-0

[Event "Dundee & Angus Major"]
[Site "?"]
[Date "2013.10.11"]
[Round "1"]
[White "Gonzalez, Maria"]
[Black "Barron-Majerik, Jan"]
[Result "0-1"]
[WhiteElo "1506"]
[BlackElo "1388"]
[PlyCount "60"]
[EventDate "2013.??.??"]

1. e4 c5 2. Nc3 d6 3. Nge2 Nf6 4. d4 cxd4 5. Nxd4 a6 6. a4 e5 7. Nb3 Be6 8. Bd3
Nc6 9. f4 Bxb3 10. cxb3 Nd4 11. Bc4 Be7 12. g4 Nd7 13. f5 Bh4+ 14. Kf1 Bg5 15.
Ne2 Nxe2 16. Kxe2 Bxc1 17. Qd5 O-O 18. Raxc1 Nb6 19. Qxb7 Nxc4 20. Rxc4 Rb8 21.
Qxa6 Rxb3 22. Rc2 Qg5 23. Ke1 Qxg4 24. Qe2 Qg5 25. Kd1 Rfb8 26. Qc4 h6 27. Qe2
Ra3 28. Qd2 Ra1+ 29. Rc1 Qg4+ 30. Qe2 Rxc1+ 0-1

[Event "Dundee & Angus Major"]
[Site "?"]
[Date "2013.10.11"]
[Round "1"]
[White "Young, Colin"]
[Black "Pearston, John M"]
[Result "0-1"]
[WhiteElo "1317"]
[BlackElo "1500"]
[PlyCount "78"]
[EventDate "2013.??.??"]

1. d4 d5 2. e3 Nf6 3. Bd3 e6 4. Nc3 c5 5. Nf3 Nc6 6. Ne5 Be7 7. O-O cxd4 8.
Nxc6 bxc6 9. exd4 O-O 10. Ne2 Qb6 11. c3 c5 12. Qc2 c4 13. Bxc4 dxc4 14. h3 Bb7
15. Be3 Be4 16. Qd1 Qxb2 17. Bd2 Bd3 18. f3 Nd5 19. Re1 Bxe2 20. Qxe2 Nxc3 21.
Bxc3 Qxc3 22. Red1 Rac8 23. Rac1 Qb4 24. Rb1 Qa4 25. Rdc1 c3 26. Rb3 Qxd4+ 27.
Kh1 Bg5 28. Rc2 Bd2 29. a3 Qa4 30. Qb5 Qxb5 31. Rxb5 Rb8 32. Rc5 Rfc8 33. Rxc8+
Rxc8 34. Kh2 Rb8 35. Ra2 Rb2 36. Ra1 c2 37. a4 Rb1 38. Ra3 c1=Q 39. Rd3 Bf4+
0-1

[Event "Dundee & Angus Major"]
[Site "?"]
[Date "2013.10.11"]
[Round "1"]
[White "Chalmers, Martin"]
[Black "Johnson, Ian"]
[Result "1-0"]
[WhiteElo "1496"]
[BlackElo "1310"]
[PlyCount "69"]
[EventDate "2013.??.??"]

1. e4 e5 2. Nf3 d6 3. h3 Nf6 4. Nc3 a6 5. d4 Nc6 6. dxe5 dxe5 7. Qxd8+ Kxd8 8.
Bc4 h6 9. Bxf7 Bb4 10. Bg6 Bxc3+ 11. bxc3 Ke7 12. Ba3+ Kd8 13. Rd1+ Bd7 14. O-O
Kc8 15. Rd3 Rd8 16. Rfd1 b5 17. Nd2 a5 18. Nb3 b4 19. Bb2 Be8 20. Rxd8+ Nxd8
21. Bxe8 Nxe8 22. cxb4 axb4 23. Nc1 Nc6 24. Rd5 Nf6 25. Rc5 Kb7 26. Bxe5 Kb6
27. Nd3 Nxe4 28. Rd5 Nxe5 29. Rxe5 Nc3 30. Nxb4 c5 31. Nd3 Rc8 32. a3 Rc7 33.
Kf1 Na4 34. Nf4 c4 35. Nd5+ 1-0

[Event "Dundee & Angus Major"]
[Site "?"]
[Date "2013.10.11"]
[Round "1"]
[White "Stewart, Matthew"]
[Black "Noble, Ray"]
[Result "0-1"]
[WhiteElo "1300"]
[BlackElo "1496"]
[PlyCount "88"]
[EventDate "2013.??.??"]

1. Nf3 c5 2. g3 d5 3. d3 Bf5 4. Bg2 Nc6 5. Bf4 h6 6. O-O Nf6 7. Nc3 e6 8. Nb5
Rc8 9. c4 a6 10. Na3 Be7 11. cxd5 exd5 12. Ne5 O-O 13. Nc2 Nxe5 14. Bxe5 b5 15.
Ne3 Be6 16. b3 d4 17. Nc2 Nd5 18. e4 Nc3 19. Qe1 g5 20. g4 Bxg4 21. h3 Be2 22.
Bh2 f5 23. exf5 Bd6 24. Bd5+ Nxd5 25. Qxe2 Bxh2+ 26. Kxh2 Qd6+ 27. Kg1 Nf4 28.
Qf3 Rxf5 29. Rae1 Rcf8 30. Re4 Qd5 31. Ne1 h5 32. Ng2 g4 33. hxg4 hxg4 34. Nxf4
Rxf4 35. Qxg4+ Rxg4+ 36. Rxg4+ Kh7 37. Rh4+ Kg6 38. Rg4+ Kh5 39. Rg2 Rf4 40.
Rh2+ Rh4 41. Rxh4+ Kxh4 42. f4 Qg8+ 43. Kf2 Qg3+ 44. Ke2 Qe3+ 0-1

[Event "Dundee & Angus Major"]
[Site "?"]
[Date "2013.10.11"]
[Round "1"]
[White "Cassidy, Bernard"]
[Black "Harvey, Duke"]
[Result "1/2-1/2"]
[WhiteElo "1488"]
[BlackElo "1299"]
[PlyCount "104"]
[EventDate "2013.??.??"]

1. e4 g6 2. Nf3 d6 3. Be2 Bg7 4. Nc3 Nf6 5. d3 Nbd7 6. O-O b6 7. Qd2 Bb7 8. h3
O-O 9. Nh2 e6 10. Ng4 Nxg4 11. Bxg4 f5 12. Bf3 Ne5 13. Be2 f4 14. f3 Qg5 15. d4
Nc6 16. d5 Nd4 17. Bc4 e5 18. Ne2 Nxe2+ 19. Qxe2 a6 20. Bd2 b5 21. Bb3 Bc8 22.
Kh1 Bd7 23. Ba5 Rfc8 24. c4 b4 25. a3 bxa3 26. Rxa3 Bf6 27. Rfa1 Qh6 28. Be1
Rab8 29. Bd1 Bh4 30. Bxh4 Qxh4 31. b3 h5 32. Rxa6 g5 33. Kg1 Qg3 34. Qf2 Qxf2+
35. Kxf2 Kf7 36. Rc1 Rb4 37. Ra7 Ke7 38. c5 dxc5 39. Rxc5 Kd6 40. Rc4 Rxc4 41.
bxc4 Kc5 42. Be2 Kd6 43. Ra6+ c6 44. Ra5 c5 45. Ra6+ Kc7 46. Rg6 Rb8 47. Rxg5
Rb2 48. Rxe5 Ba4 49. Ke1 Rb1+ 50. Kd2 Rb2+ 51. Kd3 Rb3+ 52. Kd2 Rb2+ 1/2-1/2

[Event "Dundee & Angus Major"]
[Site "?"]
[Date "2013.10.11"]
[Round "1"]
[White "White, Geoffrey"]
[Black "Walsh, Peter"]
[Result "0-1"]
[WhiteElo "1256"]
[BlackElo "1480"]
[PlyCount "90"]
[EventDate "2013.??.??"]

1. d4 Nf6 2. f4 d5 3. e3 Bf5 4. Bd3 e6 5. Nf3 c5 6. Bxf5 exf5 7. dxc5 Bxc5 8.
O-O Nc6 9. Nc3 O-O 10. Qd3 Re8 11. Re1 d4 12. Na4 b6 13. Nxc5 bxc5 14. Qxf5 Ne4
15. Ng5 Nf6 16. Qxc5 Rc8 17. Bd2 h6 18. Nf3 Ne4 19. Qa3 Qb6 20. Rab1 Nxd2 21.
Nxd2 dxe3 22. Nc4 Qd4 23. Nd6 Nb4 24. Nxc8 Nxc2 25. Qd6 Qe4 26. Qd1 e2 27. Rxe2
Qxe2 28. Qxe2 Rxe2 29. Nxa7 Ne3 30. b4 Rxg2+ 31. Kh1 Rxa2 32. Nc6 Ra6 33. b5
Rb6 34. Re1 Nc4 35. Re8+ Kh7 36. Rb8 Kg6 37. Ne7+ Kh5 38. Rxb6 Nxb6 39. Nf5 g5
40. fxg5 hxg5 41. h3 Kg6 42. Ne3 f5 43. Kg2 f4 44. Ng4 Kh5 45. Nf6+ Kh4 0-1

[Event "Dundee & Angus Major"]
[Site "?"]
[Date "2013.10.11"]
[Round "1"]
[White "Shafi, Paul"]
[Black "Dallas, Alastair"]
[Result "1-0"]
[WhiteElo "1478"]
[BlackElo "1224"]
[PlyCount "95"]
[EventDate "2013.??.??"]

1. d4 d5 2. Bf4 Nc6 3. Nf3 e6 4. e3 Bd7 5. Nbd2 Bd6 6. Bxd6 cxd6 7. c3 a6 8.
Qb3 Na5 9. Qc2 Ne7 10. Be2 Ng6 11. O-O Nc6 12. a4 O-O 13. e4 Re8 14. exd5 exd5
15. Bd3 Re6 16. Rfe1 Qf6 17. Bxg6 fxg6 18. Qb3 Rae8 19. Qxd5 Nd8 20. Ne4 Qe7
21. Neg5 Bc6 22. Qc4 d5 23. Qf1 Rxe1 24. Rxe1 Qf6 25. Rxe8+ Bxe8 26. Qd1 h6 27.
Nh3 Bd7 28. Ne5 Bxh3 29. gxh3 Qg5+ 30. Kh1 Qf5 31. Qf3 Qb1+ 32. Kg2 Qe4 33.
Qxe4 dxe4 34. Nxg6 Kf7 35. Ne5+ Ke6 36. Kg3 Kf5 37. b4 Ne6 38. Nd7 g5 39. Nc5
Nd8 40. b5 a5 41. c4 h5 42. Nb3 h4+ 43. Kg2 b6 44. c5 bxc5 45. dxc5 Ke5 46. c6
Kd6 47. Nd2 Kc5 48. c7 1-0

[Event "Dundee & Angus Major"]
[Site "?"]
[Date "2013.10.11"]
[Round "1"]
[White "Waugh, Norman"]
[Black "Gray, Euan"]
[Result "1/2-1/2"]
[WhiteElo "1183"]
[BlackElo "1434"]
[PlyCount "130"]
[EventDate "2013.??.??"]

1. e4 e5 2. Nf3 Nf6 3. Nc3 Nc6 4. Bc4 Nxe4 5. Nxe4 d5 6. Bb5 dxe4 7. Nxe5 Qd5
8. Nxc6 Qxb5 9. Nd4 Qd5 10. c3 Bc5 11. O-O O-O 12. d3 Bxd4 13. dxe4 Bxf2+ 14.
Kh1 Qxe4 15. Rxf2 Bg4 16. Qf1 Rfe8 17. Bf4 c6 18. Bg3 Bh5 19. Rc1 Rad8 20. Rf4
Qe6 21. b3 Qe3 22. c4 Be2 23. Qg1 Qxg1+ 24. Kxg1 Rd2 25. a3 Ra2 26. a4 Rb2 27.
Rc3 Bd1 28. Bf2 Rxb3 29. Rxb3 Bxb3 30. a5 a6 31. c5 Re7 32. Rb4 Bd5 33. Bg3 Rd7
34. Bd6 f6 35. g3 Bf7 36. Kf2 Bg6 37. Kf3 Bd3 38. h4 Kf7 39. Ke3 Bb5 40. Re4
Kg6 41. g4 h5 42. gxh5+ Kxh5 43. Kf3 Rf7 44. Kg3 g5 45. hxg5 fxg5 46. Be7 Rf5
47. Bd6 Rd5 48. Re3 Rd4 49. Re5 Rg4+ 50. Kh3 Bf1+ 51. Kh2 Rg2+ 52. Kh1 Kg4 53.
Re1 Rf2 54. Kg1 Kf3 55. Rxf1 Rxf1+ 56. Kxf1 g4 57. Kg1 g3 58. Be5 g2 59. Bd6
Ke4 60. Kxg2 Kd5 61. Kf3 Ke6 62. Ke3 Kd7 63. Kd3 Kc8 64. Kc4 b5+ 65. Kb3 b4
1/2-1/2

[Event "Dundee & Angus Major"]
[Site "?"]
[Date "2013.10.12"]
[Round "2"]
[White "Barron-Majerik, Jan"]
[Black "Andrews, Norman"]
[Result "1-0"]
[WhiteElo "1560"]
[BlackElo "1388"]
[PlyCount "41"]
[EventDate "2013.??.??"]

1. c4 e6 2. d4 d5 3. Nc3 Be7 4. Nf3 Nd7 5. Bf4 Ngf6 6. e3 O-O 7. Qc2 c5 8. Rd1
cxd4 9. Rxd4 dxc4 10. Bxc4 a6 11. O-O Qa5 12. Bd3 b5 13. Ne4 Nd5 14. Ne5 Nxe5
15. Bxe5 f6 16. Rxd5 fxe5 17. Rxe5 Qb6 18. Ng5 Bf6 19. Bxh7+ Kh8 20. Bg8 g6 21.
Qxg6 1-0

[Event "Dundee & Angus Major"]
[Site "Dundee"]
[Date "2013.10.12"]
[Round "2"]
[White "Clinton, William"]
[Black "Shafi, Paul"]
[Result "1/2-1/2"]
[WhiteElo "1543"]
[BlackElo "1478"]
[PlyCount "113"]
[EventDate "2013.??.??"]

{1024MB, Fritz12.ctg, Noble-PC} 1. e4 d5 2. Nc3 c6 3. d4 dxe4 4. Nxe4 Bf5 5.
Ng3 Bg6 6. h4 h6 7. Nf3 Nd7 8. h5 Bh7 9. Bd3 Bxd3 10. Qxd3 Ngf6 11. Be3 e6 12.
O-O-O Qc7 13. Nd2 Nd5 14. Nde4 Nxe3 15. Qxe3 Qa5 16. Kb1 O-O-O 17. Qf3 f5 18.
Nd2 Qd5 19. Qxd5 cxd5 20. Rhe1 Re8 21. Nxf5 Bb4 22. Ng3 Rhf8 23. Re2 Nf6 24.
Rde1 Kd7 25. c3 Bd6 26. Nf3 Bxg3 27. fxg3 Nxh5 28. Ne5+ Kd6 29. g4 Ng3 30. Re3
Ne4 31. R1e2 Rf1+ 32. Kc2 Ref8 33. Nf3 Rf6 34. c4 Rf2 35. c5+ Ke7 36. Rxe4 dxe4
37. Rxf2 exf3 38. gxf3 Kd7 39. Kd3 Rf4 40. Ke3 g5 41. Rh2 Rf6 42. Ke4 Ke7 43.
b4 Rf4+ 44. Ke3 Rf6 45. a4 Kd7 46. Rf2 Rf4 47. Rh2 Rf6 48. Rh3 Kc6 49. Ke4 Kd7
50. b5 Rf4+ 51. Ke3 Rf6 52. Rh1 b6 53. c6+ Kc7 54. Rf1 Rf4 55. Rh1 Rf6 56. Rh3
Kd6 57. Rh1 1/2-1/2

[Event "Dundee & Angus Major"]
[Site "?"]
[Date "2013.10.12"]
[Round "2"]
[White "Pearston, John"]
[Black "Atkins, Graham"]
[Result "1-0"]
[WhiteElo "1500"]
[BlackElo "1413"]
[PlyCount "119"]
[EventDate "2013.??.??"]

1. d4 g6 2. Nf3 Bg7 3. c4 d6 4. Nc3 Nc6 5. e3 Bg4 6. Be2 Bxf3 7. Bxf3 e5 8. d5
Nce7 9. O-O Nh6 10. e4 O-O 11. Be3 f5 12. b4 fxe4 13. Bxe4 Nhf5 14. Qe2 Nd4 15.
Qd2 Nef5 16. Rac1 Rf7 17. Bxf5 Rxf5 18. Ne4 Qh4 19. Ng3 Rf7 20. f3 Qe7 21. Ne4
Raf8 22. Bxd4 exd4 23. Rce1 Qd8 24. Qg5 Qxg5 25. Nxg5 Be5 26. Ne6 Re8 27. Rd1
c5 28. bxc5 dxc5 29. Nxc5 Rc7 30. Nd3 Bd6 31. c5 Bxc5 32. Nxc5 Rxc5 33. Rxd4
Rd8 34. Rfd1 Rd6 35. R1d2 b6 36. Kf2 a5 37. a4 b5 38. axb5 Rxb5 39. Ke3 Kf7 40.
Ke4 Kf6 41. h4 h6 42. g4 g5 43. hxg5+ hxg5 44. Rh2 Kg6 45. Rc2 a4 46. Rc6 Rb6
47. Rxd6+ Rxd6 48. Rxa4 Kf6 49. Rc4 Rd8 50. Rc6+ Kf7 51. Ke5 Rg8 52. Rf6+ Ke7
53. d6+ Ke8 54. Ke6 Rg7 55. Rh6 Rg8 56. Rh7 Rg6+ 57. Kd5 Rf6 58. Kc6 Rxf3 59.
d7+ Kd8 60. Rh8+ 1-0

[Event "Dundee & Angus Major"]
[Site "?"]
[Date "2013.10.12"]
[Round "2"]
[White "Straw, Nicholas"]
[Black "Chalmers, Martin"]
[Result "1-0"]
[WhiteElo "987"]
[BlackElo "1496"]
[PlyCount "65"]
[EventDate "2013.??.??"]

1. e4 Nf6 2. e5 Nd5 3. d4 d6 4. f4 dxe5 5. fxe5 Bf5 6. Nf3 e6 7. Bd3 Bxd3 8.
Qxd3 Nd7 9. O-O h6 10. c4 Nb4 11. Qe2 Be7 12. a3 Na6 13. Nc3 c6 14. c5 b6 15.
Qxa6 bxc5 16. dxc5 Bxc5+ 17. Kh1 Qc7 18. Bf4 O-O 19. b4 Be7 20. Bg3 g5 21. h3
h5 22. Qe2 c5 23. Rac1 Qd8 24. b5 Kg7 25. Ne4 Rh8 26. Rfe1 g4 27. hxg4 h4 28.
Bf2 h3 29. Bxc5 hxg2+ 30. Kxg2 Qe8 31. Bxe7 Qxe7 32. Rc7 Rad8 33. Nf6 1-0

[Event "Dundee & Angus Major"]
[Site "?"]
[Date "2013.10.12"]
[Round "2"]
[White "Noble, Ray"]
[Black "Dawson, Euan"]
[Result "1-0"]
[WhiteElo "1496"]
[BlackElo "976"]
[PlyCount "67"]
[EventDate "2013.??.??"]

1. e4 c5 2. Nc3 g6 3. g3 Bg7 4. Bg2 Nc6 5. d3 d6 6. Be3 Nf6 7. h3 Bd7 8. Nge2
Qc7 9. Qd2 a6 10. a4 O-O 11. Bh6 e6 12. O-O Rfe8 13. Bxg7 Kxg7 14. f4 Qc8 15.
g4 h6 16. Ng3 Ng8 17. f5 exf5 18. gxf5 g5 19. Nh5+ Kh7 20. Nd5 Qd8 21. f6 Be6
22. Qf2 Bxd5 23. Qf5+ Kh8 24. Qxd5 Qd7 25. Rf5 Nd4 26. Rxg5 hxg5 27. Qxg5 Ne6
28. Qh4 Nh6 29. Ng7 Kh7 30. e5 dxe5 31. Be4+ Kg8 32. Qxh6 Qd4+ 33. Kf1 Nf8 34.
Nxe8 1-0

[Event "Dundee & Angus Major"]
[Site "?"]
[Date "2013.10.12"]
[Round "2"]
[White "Walsh, Peter"]
[Black "Flockhart, Hugh"]
[Result "0-1"]
[WhiteElo "1486"]
[BlackElo "1586"]
[PlyCount "52"]
[EventDate "2013.??.??"]

1. c4 e5 2. Nf3 Nf6 3. e3 g6 4. d4 exd4 5. exd4 Qe7+ 6. Be3 Bg7 7. h3 O-O 8.
Nc3 c6 9. Be2 d5 10. c5 b6 11. b4 bxc5 12. bxc5 Ba6 13. O-O Bxe2 14. Qxe2 Nbd7
15. Rab1 Ne4 16. Na4 Rfb8 17. Bf4 Rxb1 18. Rxb1 Qe8 19. Qa6 Qc8 20. Qxc8+ Rxc8
21. Rb7 Nef6 22. Rxa7 Re8 23. Nb6 Nf8 24. Ne5 Nh5 25. Bh2 f6 26. Nxc6 Re1# 0-1

[Event "Dundee & Angus Major"]
[Site "?"]
[Date "2013.10.12"]
[Round "2"]
[White "Watt, Callum"]
[Black "Waddell, Alexander"]
[Result "1/2-1/2"]
[WhiteElo "1556"]
[BlackElo "1374"]
[PlyCount "100"]
[EventDate "2013.??.??"]

1. e4 e5 2. Nf3 Nc6 3. Bb5 a6 4. Bxc6 dxc6 5. O-O Bg4 6. h3 h5 7. Re1 Bxf3 8.
Qxf3 Qd7 9. Qe3 Ne7 10. Nc3 Ng6 11. d3 Bb4 12. Bd2 Ba5 13. Kh1 Bb6 14. Qg3 h4
15. Qf3 O-O-O 16. Be3 Bxe3 17. Qxe3 Kb8 18. Ne2 Qe7 19. f4 exf4 20. Nxf4 Nxf4
21. Qxf4 g5 22. Qf5 f6 23. Rf1 Rd6 24. Rf2 Qe5 25. Qxe5 fxe5 26. Rf5 Re6 27.
Rxg5 Rf8 28. Rf5 Rxf5 29. exf5 Rf6 30. Rf1 Kc8 31. Kh2 Kd7 32. g4 hxg3+ 33.
Kxg3 Ke7 34. Kg4 Rf8 35. f6+ Kf7 36. Kf5 Rh8 37. Rf3 Rh5+ 38. Ke4 Rg5 39. Rf2
Rh5 40. Rf3 Rg5 41. Ke3 Rg2 42. Rf2 Rg3+ 43. Ke4 Rg5 44. h4 Rg4+ 45. Kxe5 Rxh4
46. c4 Rh3 47. Kd4 Rh4+ 48. Kc3 Rh6 49. Kd4 Rxf6 50. Rxf6+ Kxf6 1/2-1/2

[Event "Dundee & Angus Major"]
[Site "?"]
[Date "2013.10.12"]
[Round "2"]
[White "Rutherford, Kathleen"]
[Black "Adams, David"]
[Result "0-1"]
[WhiteElo "1371"]
[BlackElo "1513"]
[PlyCount "70"]
[EventDate "2013.??.??"]

1. e4 d5 2. exd5 Qxd5 3. Nc3 Qd6 4. Nf3 Nf6 5. h3 c6 6. Bc4 Bf5 7. d3 e6 8. O-O
Nbd7 9. Be3 Be7 10. Nh4 Bg6 11. Nxg6 hxg6 12. Bb3 Nc5 13. Bc4 b5 14. Bb3 Nxb3
15. axb3 Qc7 16. Qf3 Nd5 17. Nxd5 cxd5 18. c4 Qb7 19. Ra2 a6 20. Rfa1 O-O 21.
Bd4 Rfc8 22. cxd5 exd5 23. Qe2 Bf6 24. Bc3 Re8 25. Qg4 Be5 26. Qb4 Bxc3 27.
bxc3 Qc6 28. Kf1 Rec8 29. Rc1 Qf6 30. Rac2 Qf5 31. Qd4 Rd8 32. Rd1 Rac8 33. Qb6
Ra8 34. g4 Qf3 35. Ra2 Qxd1+ 0-1

[Event "Dundee & Angus Major"]
[Site "?"]
[Date "2013.10.12"]
[Round "2"]
[White "Stewart, Jack"]
[Black "Cassidy, Bernard"]
[Result "1/2-1/2"]
[WhiteElo "1232"]
[BlackElo "1488"]
[PlyCount "125"]
[EventDate "2013.??.??"]

1. e4 e5 2. Nf3 Nc6 3. Bb5 a6 4. Ba4 b5 5. Bb3 Be7 6. O-O Nf6 7. Re1 O-O 8. c3
d6 9. h3 Bb7 10. d4 exd4 11. cxd4 Na5 12. Bc2 Nc4 13. b3 Nb6 14. Nbd2 h6 15.
Nf1 Nh7 16. Ng3 Bc8 17. e5 Re8 18. Be4 d5 19. Bd3 Be6 20. Qc2 Nf8 21. Bd2 Rc8
22. Nf5 Ng6 23. Nxe7+ Nxe7 24. Rac1 Qd7 25. Bb4 Bf5 26. Bxf5 Nxf5 27. Bc5 Qe6
28. Qd3 Ne7 29. Nh2 Ng6 30. Qf3 Nd7 31. Nf1 Nxc5 32. Rxc5 c6 33. Ne3 Red8 34.
Nf5 Ne7 35. Ne3 Kf8 36. Kf1 Kg8 37. Rec1 Kf8 38. Qg4 Qxg4 39. hxg4 g6 40. Ke2
Kg7 41. f4 Rh8 42. f5 f6 43. Rf1 g5 44. b4 h5 45. gxh5 Rxh5 46. Ng4 Ng8 47. g3
fxe5 48. Nxe5 Rh2+ 49. Rf2 Rxf2+ 50. Kxf2 Nf6 51. Kf3 Ne4 52. Rxc6 Rxc6 53.
Nxc6 Kf6 54. Nb8 Kxf5 55. g4+ Kf6 56. Nxa6 Nc3 57. a3 Nb1 58. Nc7 Nxa3 59.
Nxd5+ Ke6 60. Nc7+ Kd6 61. Ne8+ Kd7 62. Nf6+ Kd6 63. Ne4+ 1/2-1/2

[Event "Dundee & Angus Major"]
[Site "?"]
[Date "2013.10.12"]
[Round "2"]
[White "Duke, Harvey"]
[Black "Pearson, Walter"]
[Result "0-1"]
[WhiteElo "1299"]
[BlackElo "1458"]
[PlyCount "141"]
[EventDate "2013.??.??"]

1. d4 d5 2. c4 e6 3. Nf3 Nf6 4. e3 c5 5. Nc3 Nc6 6. Be2 Be7 7. a3 O-O 8. O-O a6
9. dxc5 dxc4 10. Bxc4 Bxc5 11. b4 Be7 12. Qe2 b5 13. Bd3 Qc7 14. Rd1 Bb7 15.
Bb2 Rfd8 16. Na2 Ng4 17. g3 Nge5 18. Nxe5 Nxe5 19. Bxe5 Qxe5 20. Rac1 Rd7 21.
Qc2 g6 22. Bf1 Rad8 23. Rxd7 Rxd7 24. Bg2 Bxg2 25. Kxg2 Qd5+ 26. Kg1 Bd8 27.
Qb1 Bf6 28. Qc2 Kg7 29. e4 Qd2 30. Qc6 Rd6 31. Qc2 Bb2 32. Qc5 Bxc1 33. Nxc1
Qd1+ 34. Kg2 Qd4 35. Kf3 Qf6+ 36. Ke3 Qd8 37. h4 h5 38. Qc3+ f6 39. Nd3 e5 40.
Nc5 Qb6 41. f4 Rd4 42. Qb3 Rc4 43. Qd3 Rd4 44. Qb3 Rd6 45. fxe5 fxe5 46. Qc3
Kf6 47. Qe1 Ke7 48. Qc3 Rd4 49. Qb3 Qd6 50. Qg8 Rd1 51. Qg7+ Ke8 52. Qh8+ Kf7
53. Qh7+ Kf6 54. Qh8+ Ke7 55. Qg7+ Ke8 56. Qh8+ Qf8 57. Qxe5+ Kf7 58. Qe6+ Kg7
59. Qe5+ Kh7 60. Qc7+ Kh6 61. Qf4+ Qxf4+ 62. gxf4 Ra1 63. e5 Rxa3+ 64. Ke4 a5
65. bxa5 Rxa5 66. e6 Kg7 67. Kd5 b4 68. e7 Kf7 69. Kd6 Rxc5 70. Kxc5 b3 71. Kd6
0-1

[Event "Dundee & Angus Major"]
[Site "?"]
[Date "2013.10.12"]
[Round "3"]
[White "Pearston, John"]
[Black "Barron-Majerik, Jan"]
[Result "1-0"]
[WhiteElo "1500"]
[BlackElo "1388"]
[PlyCount "75"]
[EventDate "2013.??.??"]

1. d4 d6 2. Nf3 Nf6 3. c4 Bf5 4. Nc3 Nbd7 5. e3 e5 6. dxe5 Nxe5 7. Be2 Be7 8.
O-O O-O 9. Nd5 Re8 10. Nxe7+ Rxe7 11. b3 Qe8 12. Nh4 Bd7 13. Bb2 Nfg4 14. Bd4
Nh6 15. Bxe5 dxe5 16. e4 Rd8 17. Qc2 c5 18. Rad1 Bc6 19. Nf3 Red7 20. Rxd7 Rxd7
21. Rd1 f6 22. Rxd7 Qxd7 23. Qd3 Qxd3 24. Bxd3 Nf7 25. Nd2 Ng5 26. f3 Ne6 27.
Kf2 g5 28. g3 Kf7 29. Nb1 Bd7 30. Nc3 Nd4 31. Nd5 Nc6 32. Ke3 b6 33. a3 Nd4 34.
b4 cxb4 35. axb4 Ba4 36. f4 gxf4+ 37. gxf4 exf4+ 38. Kxd4 1-0

[Event "Dundee & Angus Major"]
[Site "?"]
[Date "2013.10.12"]
[Round "3"]
[White "Straw, Nicholas"]
[Black "Noble, Ray"]
[Result "0-1"]
[WhiteElo "987"]
[BlackElo "1496"]
[PlyCount "32"]
[EventDate "2013.??.??"]

1. e4 c5 2. Nf3 Nc6 3. d4 cxd4 4. Nxd4 e5 5. Nb3 Bb4+ 6. c3 Be7 7. c4 Bb4+ 8.
Bd2 Qh4 9. Bd3 Nf6 10. O-O O-O 11. h3 d6 12. g3 Qh5 13. Qxh5 Nxh5 14. Be2 Nf6
15. Bf3 Be6 16. Bxb4 Nxb4 0-1

[Event "Dundee & Angus Major"]
[Site "?"]
[Date "2013.10.12"]
[Round "3"]
[White "Flockhart, Hugh"]
[Black "Gray, Euan"]
[Result "1/2-1/2"]
[WhiteElo "1586"]
[BlackElo "1434"]
[PlyCount "41"]
[EventDate "2013.??.??"]

1. e4 e5 2. Bc4 Nf6 3. d3 Nc6 4. c3 Bc5 5. Nf3 d6 6. Nbd2 Bg4 7. h3 Bh5 8. Nf1
Qd7 9. Ng3 Bg6 10. b4 Bb6 11. O-O Nd8 12. Nh4 c6 13. Nhf5 Ne6 14. a4 a6 15. a5
Ba7 16. Be3 Bxe3 17. fxe3 O-O 18. Nh4 Rac8 19. Nxg6 hxg6 20. Bb3 d5 21. exd5
1/2-1/2